|
|
|
|
| LEADER |
00873nab#a2200301#ar4500 |
| 001 |
000074486 |
| 003 |
SVKKK |
| 005 |
20041220xxxxxxx. |
| 008 |
06 c xo huno |
| FMT |
|
|
|
| 038 |
|
|
|a SVKKK
|
| 040 |
|
|
|a SVKKK
|b slo
|e AACR2
|
| 041 |
0 |
|
|a hun
|
| 044 |
|
|
|a xo
|c SK
|
| 080 |
|
|
|a 353
|
| 242 |
1 |
0 |
|a Volebné okrsky volebného obvodu...
|
| 245 |
0 |
0 |
|a A választókerületek szavazó köreit...
|
| 500 |
|
|
|a mikrofilm
|
| 520 |
2 |
|
|a Prehľady volebných okrskov v oblasti severného Zemplína podľa nariadenia municípia Zemplínskej župy.
|
| 650 |
0 |
4 |
|a municípium, Zemplínska župa - okrsky volebné - Zemplín (oblasť) - nariadenia župné - prehľady
|
| 773 |
0 |
|
|t Felvidéki Hirlap
|g Roč. 7, (1914)
|
| 957 |
|
|
|a Zemplín (oblať)
|
| 958 |
|
|
|a DG
|
| 958 |
|
|
|a SK
|
| 974 |
|
|
|a Ba
|d 20041220
|
| 992 |
|
|
|a RBX
|
| BAS |
|
|
|
| 998 |
|
|
|a RETRO
|